| 000 | 01078aam a2200289 a 4500 | ||
|---|---|---|---|
| 001 | 015653897 | ||
| 003 | OSt | ||
| 005 | 20140119094126.0 | ||
| 008 | 100914s2011 xxkadk frb 001 0 eng d | ||
| 010 | _a2010032985 | ||
| 020 | _a9780273716129 (pbk.) | ||
| 020 | _a0273716123 (pbk.) | ||
| 040 |
_aStDuBDS _beng _cStDuBDS _dUk |
||
| 082 | 0 | 4 |
_a658.3 _222 _bEDW |
| 100 | 1 |
_aEdwards, Tony, _d1968- _934859 |
|
| 245 | 1 | 0 |
_aInternational human resource management : _bglobalization, national systems and multinational companies / _cTony Edwards and Chris Rees. |
| 250 | _a2nd ed. | ||
| 260 |
_aHarlow, United Kingdom : _bFinancial Times Prentice Hall, _c2011 _e(Gosport, United Kingdom : _fAshford Colour Press Ltd.) |
||
| 300 |
_axvi, 330 p. : _bchart, forms, tables ; _c25 cm. |
||
| 500 | _aIndex : p. 313-330. | ||
| 504 | _aIncludes bibliographical references. | ||
| 650 | 0 |
_aInternational business enterprises _xPersonnel management _934858 |
|
| 653 |
_bBus _cJanuary2014 |
||
| 655 |
_vreading book _934232 |
||
| 700 | 1 |
_aRees, Chris, _d1966- _934857 |
|
| 942 |
_2ddc _k658.3 EDW |
||
| 999 |
_c17926 _d17898 |
||